000 00621nam a2200241Ia 4500
003 OSt
005 20221005022548.0
006 a|||||r|||| 00| 0
007 ta
008 221004b |||||||| |||| 00| 0 eng d
024 _a120038
037 _cTextual
040 _aCRL
_cCRL
_beng
041 _2eng
_aeng
082 _aQ4:51, M0
100 _aSarab Dyal
_9578232
245 0 _aSublime thoughts of Lord Buddha
260 _aAmbala
_bNational Publishing House
_c1980
300 _a84p.
_ccm.
650 _aRELIGION
942 _hQ4:51, M0
_cTEXL
_2cc
999 _c929622
_d929622